| 000 | 01043nam a22002657a 4500 | ||
|---|---|---|---|
| 999 |
_c64066 _d64066 |
||
| 005 | 20240530110713.0 | ||
| 008 | 180212s2015 ua afk g b 000 0dara d | ||
| 017 |
_a2014/1621 _bمصر. دار الكتب |
||
| 020 | _a9789773833084 | ||
| 040 |
_aEG-CaGPL _cEG-CaGPL |
||
| 082 | 0 | 4 |
_221 _a371.953 / _bع ت |
| 100 | 0 | _aعمرو صالح ابوزيد | |
| 245 | 1 | 0 |
_aتصميم مناهج وبرامج الموهبة / _cعمرو صالح ابوزيد |
| 250 | _aط. 1 | ||
| 260 |
_aالقاهرة : _bايتراك للطباعة و النشر و التوزيع ، _c2015. |
||
| 300 |
_a235 ص. : _bايض ؛ _c24 سم. |
||
| 504 | _aيشتمل على ارجاعات ببليوجرافية | ||
| 650 | 0 | 7 |
_2qrmak _aالتعليم _xاغراضة واهدافة |
| 650 | 0 | 7 |
_2qrmak _aالسياسة التعليمية |
| 650 | 0 | 7 |
_2qrmak _aالسياسة التعليمة |
| 650 | 0 | 7 |
_2qrmak _aالتعليم _xمناهج |
| 650 | 0 | 7 |
_2qrmak _aالمناهج _xتخطيط |
| 942 |
_2ddc _cBK |
||